| 000 | 00902nam a22002417a 4500 | ||
|---|---|---|---|
| 005 | 20090620135444.0 | ||
| 008 | 090620t xxu||||| |||| 00| 0 eng d | ||
| 010 | _aENG-94155 | ||
| 020 |
_a9788120337435 _c225.00 |
||
| 035 | _aEN-77688 | ||
| 037 | _bDBAD / PUB | ||
| 040 |
_adpl _bEnglish |
||
| 082 | _a658.4053 | ||
| 100 | _aStone, Florence M. | ||
| 245 |
_aHow to resolve conflicts at work: _ba take-charge assistant book / _cby Florence M. Stone |
||
| 260 |
_aNew Delhi _bPHI Learning _c2009 |
||
| 270 |
_aM-97, Connaught Circus _bNew Delhi _e110001 |
||
| 300 |
_axix, 138p. _c23cm(pbk) |
||
| 500 | _aIncludes index | ||
| 650 | _aConflict management | ||
| 942 |
_2ddc _cEN _mSTO _h658.4053 |
||
| 999 |
_c27688 _d27688 |
||